00880 2200325 4500001002100000005001500021035002000036007000300056008004100059020002200100082001200122084001800134100002300152245010900175250001000284260003900294300003000333650003300363700002400396504003500420520001100455990001100466990001100477990001100488990001100499990001100510990001100521990001100532990001100543INLIS00000000000242420190114124701 a0010-1118000027ta190114 g 0 ind  a978-602-7874-94-7 aR.923.1 aR.923.1 TAU e0 aTAUFIK, Adi Susilo1 aEnsiklopedi Presiden Republik Indonesia :bSoekarno /cTaufik Adi Susilo: penyunting, Absul Qodir Shaleh acet.1 aYogyakarta :bAr-ruzz Media,c2016 ajil.1, 233 hlm. ;c21 cm. aPRESIDEN INDONESIA. BIOGRAFI0 aABSUL, Qodir Shaleh aBibliografi : hlm. 213-224 hlm aIndeks a5938 a a5928 b a5938 b a5938 a a5938 a a5938 b a5938 b a5938 a